000 00744nas a2200241 4500
001 BR9201347
003 BR-BrBNA
005 20231205092405.0
007 ta
008 230509b bl.|||p| |||| 00| 00por d
040 _aBR-BrBNA
_bpor
_cBiblioteca Nacional de Agricultura
041 _a(Pt)
072 _aQ02
100 1 _aHemfort, H.
100 1 _aLuck, S.A.
100 1 _aMarques Neto, J.
245 1 _aDesnatadeira westfalia com grau de desnate insuportavel
650 _aDESNATADEIRA
650 _aEQUIPAMENTO INDUSTRIAL
773 0 _tRevista do Instituto de Laticinios Candido Tostes (Brazil)
_xISSN 0100-3674
_g(Jul-Aug 1988), v. 43(258) p. 30-32
_wBR9201347
909 _a202311
_bLúcia
_c55
_dLúcia Elande
942 _2AGRIS
_n0
_cANA
999 _c131372
_d131372